[Event "POL-chT 2nd League"]
[Site "Ustron"]
[Date "2008.09.12"]
[Round "7.68"]
[White "Bernard, Ryszard"]
[Black "Drozd, Ryszard"]
[Result "1-0"]
[WhiteElo "2345"]
[BlackElo "2261"]
[PlyCount "101"]
[EventDate "2008.09.06"]
[EventType "team-swiss"]
[EventRounds "9"]
[EventCountry "POL"]
[SourceTitle "EXT 2015"]
[Source "ChessBase"]
[SourceDate "2014.11.20"]
[SourceVersion "1"]
[SourceVersionDate "2014.11.20"]
[SourceQuality "1"]
[WhiteTeam "Poznan Lech"]
[BlackTeam "Katowice Hetman Szopienice"]
[WhiteTeamCountry "POL"]
[BlackTeamCountry "POL"]

1. e4 c5 2. Nf3 d6 3. c3 Nf6 4. Be2 Nc6 5. d4 cxd4 6. cxd4 Qa5+ 7. Bd2 Qb6 8. d5 Nxe4 9. 0-0 Nxd2 10. Nbxd2 Nb4 11. Nc4 Qc5 12. Ne3 Bd7 13. a3 Na6 14. Rc1 Qb6 15. Nc4 Qd8 16. b4 g6 17. Qd4 f6 18. Rfe1 Bh6 19. Rcd1 Kf7 20. Bd3 Nc7 21. Qh4 Kg7 22. Qe4 Re8 23. Nd4 Nb5 24. Nxb5 Bxb5 25. Na5 Qb6 26. Bxb5 Qxb5 27. Rd3 Rac8 28. Rh3 Bg5 29. Nb3 f5 30. Nd4 fxe4 31. Nxb5 Rc4 32. Nxa7 Rd4 33. Nb5 Rxd5 34. Nc7 Rd3 35. Nxe8+ Kf7 36. Rxd3 exd3 37. Nc7 e5 38. f3 Kf6 39. Kf2 Kf5 40. g4+ Kf6 41. Rd1 d2 42. Ke2 Ke7 43. h4 Bxh4 44. Rxd2 Kf7 45. Nb5 Be7 46. Nc3 Ke6 47. Nd5 Bg5 48. f4 exf4 49. Kf3 Ke5 50. Nxf4 Bxf4 51. Re2+ 1-0

[Event "POL-chT 1st League"]
[Site "Opole"]
[Date "2006.09.10"]
[Round "9"]
[White "Sendera, Jaroslaw"]
[Black "Bernard, Ryszard"]
[Result "0-1"]
[WhiteElo "2334"]
[BlackElo "2356"]
[PlyCount "100"]
[EventDate "2006.09.01"]
[EventType "team-tourn"]
[EventRounds "9"]
[EventCountry "POL"]
[SourceTitle "CBM 114 Extra"]
[Source "ChessBase"]
[SourceDate "2006.11.03"]
[SourceVersion "1"]
[SourceVersionDate "2006.11.03"]
[SourceQuality "1"]
[WhiteTeam "Rzeszow Zelmer"]
[BlackTeam "Poznan Lech"]
[WhiteTeamCountry "POL"]
[BlackTeamCountry "POL"]

1. e4 c5 2. Nf3 d6 3. c3 Nf6 4. Be2 Nbd7 5. d3 c4 6. 0-0 cxd3 7. Bxd3 e6 8. Qe2 Be7 9. c4 0-0 10. Nc3 a6 11. b3 Qc7 12. Bb2 Nc5 13. Bc2 e5 14. Nh4 Ne6 15. Nf5 g6 16. Nxe7+ Qxe7 17. Qd2 Nf4 18. g3 Nh3+ 19. Kh1 b5 20. cxb5 axb5 21. Nxb5 Rd8 22. Nc3 Ba6 23. Bd3 Bb7 24. Qh6 Qe6 25. f3 d5 26. exd5 Nxd5 27. Be4 f6 28. Nxd5 Bxd5 29. Qe3 Ng5 30. Bxd5 Rxd5 31. Rf2 Rad8 32. Raf1 h5 33. Qc1 Kh7 34. h4 Nf7 35. Kh2 Rd3 36. Qe1 Nh6 37. Re2 Qd5 38. Bc1 Nf5 39. Qf2 Rc8 40. Bb2 Rd8 41. Bc1 Rd7 42. Kg2 Kg7 43. Kh2 Rc7 44. Rd2 e4 45. fxe4 Qxe4 46. Rxd3 Qxd3 47. Qf4 Rc2+ 48. Kg1 Qxg3+ 49. Qxg3 Nxg3 50. Bh6+ Kxh6 0-1

[Event "POL-chT 1st League"]
[Site "Opole"]
[Date "2006.09.09"]
[Round "8"]
[White "Bernard, Ryszard"]
[Black "Pazdziora, Michal"]
[Result "1/2-1/2"]
[WhiteElo "2356"]
[BlackElo "2151"]
[PlyCount "92"]
[EventDate "2006.09.01"]
[EventType "team-tourn"]
[EventRounds "9"]
[EventCountry "POL"]
[SourceTitle "CBM 114 Extra"]
[Source "ChessBase"]
[SourceDate "2006.11.03"]
[SourceVersion "1"]
[SourceVersionDate "2006.11.03"]
[SourceQuality "1"]
[WhiteTeam "Poznan Lech"]
[BlackTeam "Dankowice Pasjonat"]
[WhiteTeamCountry "POL"]
[BlackTeamCountry "POL"]

1. e4 c5 2. Nf3 e6 3. d4 cxd4 4. Nxd4 a6 5. Bd3 Nf6 6. 0-0 d6 7. c4 Qc7 8. b3 b6 9. Bb2 Bb7 10. Qe2 Be7 11. Nd2 0-0 12. f4 Nfd7 13. N2f3 Bf6 14. Rae1 e5 15. fxe5 dxe5 16. Nf5 Nc5 17. Ne3 Nbd7 18. Ng4 Rfe8 19. Bc2 a5 20. a3 Rac8 21. Qf2 h5 22. Nxf6+ Nxf6 23. Ng5 Ne6 24. Qf5 b5 25. Kh1 Qc5 26. Nxe6 Rxe6 27. Bd3 Rd8 28. Qf3 bxc4 29. Bxc4 Re7 30. a4 Rd6 31. Bc1 Red7 32. Bg5 Qd4 33. Bxf6 Rxf6 34. Qxh5 g6 35. Qg4 Rxf1+ 36. Rxf1 Bxe4 37. h3 Bf5 38. Qxd4 exd4 39. Rd1 Be6 40. Rd3 Bxc4 41. bxc4 Kf8 42. Kg1 Ke7 43. Kf2 Ke6 44. Ke2 Rb7 45. Rxd4 Rb4 46. Kd3 Rxa4 1/2-1/2

[Event "POL-chT 1st League"]
[Site "Opole"]
[Date "2006.09.05"]
[Round "4"]
[White "Wojciechowski, Piotr"]
[Black "Bernard, Ryszard"]
[Result "1/2-1/2"]
[WhiteElo "2218"]
[BlackElo "2356"]
[PlyCount "145"]
[EventDate "2006.09.01"]
[EventType "team-tourn"]
[EventRounds "9"]
[EventCountry "POL"]
[SourceTitle "CBM 114 Extra"]
[Source "ChessBase"]
[SourceDate "2006.11.03"]
[SourceVersion "1"]
[SourceVersionDate "2006.11.03"]
[SourceQuality "1"]
[WhiteTeam "Gliwice Politechnika Slaska"]
[BlackTeam "Poznan Lech"]
[WhiteTeamCountry "POL"]
[BlackTeamCountry "POL"]

1. e4 c5 2. Nf3 d6 3. d4 cxd4 4. Nxd4 Nf6 5. Nc3 Nc6 6. Bg5 e6 7. Qd2 a6 8. 0-0-0 Bd7 9. f3 Be7 10. h4 h6 11. Be3 Nxd4 12. Qxd4 e5 13. Qd2 Be6 14. Kb1 Qa5 15. Qf2 Qc7 16. g4 Qc6 17. Rg1 d5 18. g5 hxg5 19. hxg5 d4 20. gxf6 Bxf6 21. Nd5 dxe3 22. Nxf6+ gxf6 23. Qxe3 Rc8 24. Bd3 Qc5 25. Qd2 Ke7 26. f4 exf4 27. Qxf4 Qe5 28. Qd2 a5 29. Rg2 Rc6 30. Qe3 Qc5 31. Qxc5+ Rxc5 32. Rf2 Rch5 33. b3 Rh1 34. Rxh1 Rxh1+ 35. Kb2 b6 36. Ka3 Rh6 37. Ka4 Kd6 38. Kb5 Kc7 39. Ka4 Kc6 40. b4 axb4 41. Kxb4 Kd6 42. a3 Bd7 43. Rg2 Rh4 44. Kc3 Bc6 45. Rf2 Ke7 46. Kd4 Bd7 47. Kd5 Rh5+ 48. Kd4 Ra5 49. c4 Rxa3 50. Rb2 Ra6 51. Ke3 Ra3 52. Rxb6 f5 53. e5 f4+ 54. Kd4 Be6 55. Rb7+ Kd8 56. Rb2 f3 57. Rh2 Ke7 58. Rh4 f2 59. Rf4 Ra2 60. Ke3 Ra3 61. Kd4 Ra2 62. Rf6 Bh3 63. Ke3 Ra5 64. Kd4 Ra2 65. Ke3 Ra5 66. Rxf2 Rxe5+ 67. Kd4 Re1 68. Be4 Be6 69. Bd5 Rd1+ 70. Kc5 Bxd5 71. cxd5 Rc1+ 72. Kd4 Rd1+ 73. Kc5 1/2-1/2

[Event "POL-chT 1st League"]
[Site "Opole"]
[Date "2006.09.04"]
[Round "3"]
[White "Bernard, Ryszard"]
[Black "Jasik, Krzysztof"]
[Result "1/2-1/2"]
[WhiteElo "2356"]
[BlackElo "2336"]
[PlyCount "80"]
[EventDate "2006.09.01"]
[EventType "team-tourn"]
[EventRounds "9"]
[EventCountry "POL"]
[SourceTitle "CBM 114 Extra"]
[Source "ChessBase"]
[SourceDate "2006.11.03"]
[SourceVersion "1"]
[SourceVersionDate "2006.11.03"]
[SourceQuality "1"]
[WhiteTeam "Poznan Lech"]
[BlackTeam "Brzeg Prokonex"]
[WhiteTeamCountry "POL"]
[BlackTeamCountry "POL"]

1. e4 e6 2. d4 d5 3. Nd2 c5 4. exd5 exd5 5. Ngf3 Nc6 6. Bb5 Bd6 7. dxc5 Bxc5 8. 0-0 Nge7 9. Nb3 Bb6 10. Be3 Bxe3 11. Bxc6+ bxc6 12. fxe3 0-0 13. Qd4 Nf5 14. Qc5 Qb6 15. Rfe1 Re8 16. Kf2 Re6 17. Nfd4 Rf6 18. Kg1 Bd7 19. Qc3 Re8 20. Nc5 Bc8 21. Nxf5 Rxf5 22. Rf1 Rg5 23. Rf4 Bh3 24. Rf2 f6 25. Rd1 Qc7 26. Rd3 Bg4 27. Qd4 Bf5 28. Rc3 Bc8 29. Qf4 Qe7 30. Nb3 Rg4 31. Qf3 Rc4 32. Rxc4 dxc4 33. Na5 Bd7 34. Nxc4 Qc5 35. b3 Be6 36. Qe4 Bf7 37. Qd4 Qxd4 38. exd4 Re1+ 39. Rf1 Re2 40. Rf2 Re1+ 1/2-1/2

[Event "POL-chT 2nd League"]
[Site "Wysowa"]
[Date "2005.08.29"]
[Round "3.21"]
[White "Bernard, Ryszard"]
[Black "Jablonski, Mariusz"]
[Result "1/2-1/2"]
[WhiteElo "2364"]
[BlackElo "2266"]
[PlyCount "56"]
[EventDate "2005.08.27"]
[EventType "team-swiss"]
[EventRounds "9"]
[EventCountry "POL"]
[SourceTitle "EXT 2019"]
[Source "ChessBase"]
[SourceDate "2018.10.10"]
[SourceVersion "1"]
[SourceVersionDate "2018.10.10"]
[SourceQuality "1"]
[WhiteTeam "Poznan Lech"]
[BlackTeam "Wloclawek Leszczynski"]
[WhiteTeamCountry "POL"]
[BlackTeamCountry "POL"]

1. e4 c5 2. Nf3 Nc6 3. Nc3 e5 4. Bc4 Be7 5. d3 d6 6. Nd5 h6 7. c3 Nf6 8. 0-0 0-0 9. Nxf6+ Bxf6 10. Be3 Qe7 11. a3 a5 12. a4 Kh7 13. h3 g6 14. Bd5 Bg7 15. d4 exd4 16. cxd4 cxd4 17. Nxd4 Nb4 18. Qb3 Nxd5 19. exd5 Qh4 20. Rad1 Re8 21. Nf3 Qh5 22. Bf4 Re2 23. Rd2 Rxd2 24. Nxd2 Be5 25. Bxe5 Qxe5 26. Nf3 Qf6 27. Nh2 Qd4 28. Rd1 Qc5 1/2-1/2

[Event "POL-chT 1st League"]
[Site "Ustron"]
[Date "2003.09.14"]
[Round "9"]
[White "Dlugosz, Jedrzej"]
[Black "Bernard, Ryszard"]
[Result "0-1"]
[WhiteElo "2341"]
[BlackElo "2363"]
[PlyCount "103"]
[EventDate "2003.09.06"]
[EventType "team-tourn"]
[EventRounds "9"]
[EventCountry "POL"]
[SourceTitle "EXT 2005"]
[Source "ChessBase"]
[SourceDate "2004.11.15"]
[SourceVersion "1"]
[SourceVersionDate "2004.11.15"]
[SourceQuality "1"]
[WhiteTeam "Gdanski Drapol Jantar Pruszcz"]
[BlackTeam "Poznan Lech"]
[WhiteTeamCountry "POL"]
[BlackTeamCountry "POL"]

1. e4 c5 2. Nf3 Nc6 3. d4 cxd4 4. Nxd4 Nf6 5. Nc3 d6 6. Be3 e6 7. Qd2 Be7 8. f3 0-0 9. 0-0-0 d5 10. Qe1 e5 11. exd5 Nxd4 12. f4 Nxd5 13. Bxd4 exd4 14. Nxd5 Qxd5 15. Qxe7 Bg4 16. Re1 Qxa2 17. Qa3 Qxa3 18. bxa3 Bf5 19. Rd1 Rad8 20. Bd3 Bxd3 21. Rxd3 Rfe8 22. Rhd1 Re4 23. g3 g6 24. Kb2 h5 25. Kb3 Rd6 26. c3 Rb6+ 27. Kc2 dxc3 28. Kxc3 Kg7 29. Rd4 Rc6+ 30. Kb3 Rxd4 31. Rxd4 Rc7 32. a4 Kf6 33. Rd5 Ke6 34. Re5+ Kd6 35. Rb5 b6 36. Re5 Re7 37. Rg5 Re3+ 38. Kc4 Kc6 39. a5 b5+ 40. Kd4 Re2 41. Rc5+ Kb7 42. Rxb5+ Ka6 43. Rc5 Rxh2 44. Ke5 Rh3 45. Kf6 Rxg3 46. Kxf7 h4 47. f5 g5 48. f6 h3 49. Rc1 h2 50. Kg7 Rf3 51. f7 Rxf7+ 52. Kxf7 0-1

[Event "POL-chT 58th 1st League"]
[Site "Ustron"]
[Date "2002.??.??"]
[Round "?"]
[White "Pacuszka, Tomasz"]
[Black "Bernard, Ryszard"]
[Result "1/2-1/2"]
[WhiteElo "2293"]
[BlackElo "2367"]
[PlyCount "64"]
[EventDate "2002.09.07"]
[EventType "team-tourn"]
[EventRounds "9"]
[EventCountry "POL"]
[SourceTitle "EXT 2019"]
[Source "ChessBase"]
[SourceDate "2018.10.10"]
[SourceVersion "1"]
[SourceVersionDate "2018.10.10"]
[SourceQuality "1"]
[WhiteTeam "Bydgoszcz Centrum"]
[BlackTeam "Poznan Lech"]
[WhiteTeamCountry "POL"]
[BlackTeamCountry "POL"]

1. e4 c5 2. Nc3 Nc6 3. f4 g6 4. Nf3 Bg7 5. Bc4 e6 6. 0-0 Nge7 7. Qe1 0-0 8. d3 d5 9. Bb3 Nd4 10. Nxd4 cxd4 11. Nd1 a5 12. f5 exf5 13. Bg5 f6 14. exd5 Nxd5 15. Bd2 Kh8 16. a3 b6 17. Qh4 Nc7 18. Rf3 g5 19. Qf2 f4 20. g3 Bb7 21. gxf4 g4 22. Rg3 f5 23. h3 Rf6 24. c3 Rh6 25. cxd4 Qd7 26. Ne3 Bxd4 27. Kh2 Rd8 28. Qe1 Rxh3+ 29. Rxh3 gxh3 30. Qg3 Bd5 31. Nxd5 Nxd5 32. Re1 Rg8 1/2-1/2

[Event "Polanica Zdroj op"]
[Site "Polanica Zdroj"]
[Date "1998.??.??"]
[Round "?"]
[White "Bernard, Ryszard"]
[Black "Litwin, Jozef"]
[Result "1-0"]
[WhiteElo "2380"]
[BlackElo "2215"]
[PlyCount "75"]
[EventDate "1998.??.??"]
[EventType "swiss"]
[EventRounds "10"]
[EventCountry "POL"]
[SourceTitle "EXT 2003"]
[Source "ChessBase"]
[SourceDate "2002.11.25"]
[SourceVersion "1"]
[SourceVersionDate "2002.11.25"]
[SourceQuality "1"]

1. e4 c5 2. Nf3 d6 3. d4 cxd4 4. Nxd4 Nf6 5. Nc3 a6 6. Bg5 e6 7. f4 Be7 8. Qf3 Qc7 9. 0-0-0 Nc6 10. Nxc6 bxc6 11. e5 dxe5 12. fxe5 Nd5 13. Bxe7 Qxe7 14. Ne4 0-0 15. Bd3 f5 16. exf6 gxf6 17. a3 Kh8 18. c4 f5 19. Nd2 Nf6 20. Rhe1 Qc7 21. Qe3 Ng4 22. Qc5 Qg7 23. Nf3 Rb8 24. Re2 Nf6 25. Qe5 Bd7 26. Bc2 c5 27. Rd6 a5 28. Red2 Rb7 29. Qc3 Rfb8 30. Ne5 Be8 31. Rxe6 Ne4 32. Bxe4 fxe4 33. Rf2 Kg8 34. Qe3 Bg6 35. Qg5 Rf8 36. Rxf8+ Qxf8 37. Rf6 Qd8 38. Rxg6+ 1-0

[Event "Polanica Zdroj op"]
[Site "Polanica Zdroj"]
[Date "1996.??.??"]
[Round "3"]
[White "Bernard, Ryszard"]
[Black "Mutchnik, Larisa"]
[Result "1-0"]
[WhiteElo "2345"]
[BlackElo "2215"]
[PlyCount "143"]
[EventDate "1996.??.??"]
[EventType "swiss"]
[EventRounds "10"]
[EventCountry "POL"]
[SourceTitle "EXT 1998"]
[Source "ChessBase"]
[SourceDate "1997.11.17"]
[SourceVersion "1"]
[SourceVersionDate "1997.11.17"]
[SourceQuality "1"]

1. e4 e6 2. d4 d5 3. Nd2 Nf6 4. e5 Nfd7 5. Bd3 c5 6. c3 Nc6 7. Ne2 cxd4 8. cxd4 f6 9. exf6 Nxf6 10. 0-0 Bd6 11. Nf3 Qc7 12. g3 0-0 13. Bf4 Nh5 14. Bxd6 Qxd6 15. Nc3 g6 16. Be2 Ng7 17. Qd2 Bd7 18. Rad1 Rf6 19. Nh4 Nf5 20. Nxf5 gxf5 21. Bh5 Raf8 22. Ne2 Kh8 23. Nf4 Rg8 24. Rfe1 Qf8 25. Be2 Nd8 26. Bf1 Nf7 27. Bg2 Ng5 28. Qa5 Qb8 29. Rc1 Nf3+ 30. Bxf3 Qxf4 31. Qc3 Qh6 32. Bg2 f4 33. Qa3 fxg3 34. hxg3 Bc6 35. Qe3 Rg5 36. f4 Rg8 37. Rc3 Rfg6 38. Qe5+ Qg7 39. Qxg7+ R8xg7 40. Kf2 h5 41. Rh1 Rh6 42. Bf3 Rgh7 43. Rh4 Kg7 44. Rc1 Rh8 45. Be2 Rf8 46. Rxh5 Rxh5 47. Bxh5 Rh8 48. Bf3 Rh2+ 49. Bg2 Kf6 50. Rh1 Rxh1 51. Bxh1 Be8 52. g4 Bg6 53. Ke3 Bb1 54. a3 a5 55. Bf3 Bc2 56. Be2 Ba4 57. Bd3 Bd7 58. Kf3 b6 59. Kg3 Be8 60. g5+ Kg7 61. f5 exf5 62. Kf4 Ba4 63. Bxf5 Bb3 64. Ke5 b5 65. Kd6 Bc4 66. Kc5 Kf7 67. Bd7 b4 68. axb4 axb4 69. Kxb4 Kg6 70. Kc5 Kxg5 71. b4 Kf6 72. Kd6 1-0

[Event "Polanica Zdroj op"]
[Site "Polanica Zdroj"]
[Date "1996.??.??"]
[Round "5"]
[White "Bernard, Ryszard"]
[Black "Pasko, Wieslaw"]
[Result "0-1"]
[WhiteElo "2345"]
[BlackElo "2230"]
[PlyCount "82"]
[EventDate "1996.??.??"]
[EventType "swiss"]
[EventRounds "10"]
[EventCountry "POL"]
[SourceTitle "EXT 1998"]
[Source "ChessBase"]
[SourceDate "1997.11.17"]
[SourceVersion "1"]
[SourceVersionDate "1997.11.17"]
[SourceQuality "1"]

1. e4 c5 2. Nf3 d6 3. c3 Nf6 4. Bc4 Nc6 5. Qe2 e6 6. Bb3 Be7 7. 0-0 0-0 8. d4 cxd4 9. cxd4 Qa5 10. Nc3 Qh5 11. e5 dxe5 12. dxe5 Ng4 13. Bf4 g5 14. Bg3 Nh6 15. Rfd1 Nf5 16. Ne4 g4 17. Ne1 Ncd4 18. Qf1 Nxb3 19. axb3 Nxg3 20. Nxg3 Qxe5 21. Nd3 Qg5 22. Qe2 f5 23. b4 b6 24. Rac1 Rf6 25. Qe5 Rh6 26. Nf4 Qf6 27. Qc7 Ba6 28. Ngh5 Qg5 29. Qe5 Rxh5 30. Qxe6+ Kf8 31. Nxh5 Qxh5 32. Rd5 Qg6 33. Rxf5+ Ke8 34. Qe5 Rd8 35. Qh8+ Kd7 36. Rd5+ Bd6 37. Qe5 Re8 38. Rcd1 Re6 39. Qc3 Bb7 40. R5d4 Qh6 41. g3 Qxh2+ 0-1

[Event "Polanica Zdroj op"]
[Site "Polanica Zdroj"]
[Date "1996.??.??"]
[Round "10"]
[White "Plunge, Gintautas Jurgis"]
[Black "Bernard, Ryszard"]
[Result "0-1"]
[WhiteElo "2205"]
[BlackElo "2345"]
[PlyCount "100"]
[EventDate "1996.??.??"]
[EventType "swiss"]
[EventRounds "10"]
[EventCountry "POL"]
[SourceTitle "EXT 1998"]
[Source "ChessBase"]
[SourceDate "1997.11.17"]
[SourceVersion "1"]
[SourceVersionDate "1997.11.17"]
[SourceQuality "1"]

1. e4 c5 2. c3 d5 3. exd5 Qxd5 4. d4 Nf6 5. Nf3 e6 6. Be2 Nc6 7. 0-0 cxd4 8. cxd4 Be7 9. Nc3 Qd6 10. Bg5 0-0 11. Qd2 Rd8 12. Rad1 b6 13. Bf4 Qb4 14. a3 Qa5 15. Bb5 Bb7 16. Ra1 Ne4 17. Qd3 Nxc3 18. bxc3 a6 19. Bc4 Qh5 20. Qe3 Rac8 21. Rfe1 Na5 22. Be2 Nc4 23. Qc1 Qd5 24. Bd3 Qa5 25. Bg5 Bxg5 26. Nxg5 h6 27. Ne4 Bxe4 28. Rxe4 Rd5 29. a4 Kf8 30. Re2 Rd7 31. Rc2 Qd5 32. Qf1 b5 33. axb5 axb5 34. h3 Nd6 35. Rb1 Rdc7 36. Qe1 Nc4 37. Bxc4 Rxc4 38. Rcb2 Rxc3 39. Qe5 Qxe5 40. dxe5 Rc1+ 41. Kh2 Rxb1 42. Rxb1 Rc5 43. f4 g5 44. Kg3 Kg7 45. Kf3 Kg6 46. g4 Rc3+ 47. Ke4 Rc4+ 48. Ke3 gxf4+ 49. Kf3 b4 50. Rb2 Kg5 0-1

[Event "Polanica Zdroj op"]
[Site "Polanica Zdroj"]
[Date "1996.??.??"]
[Round "4"]
[White "Rustemov, Alexander"]
[Black "Bernard, Ryszard"]
[Result "1-0"]
[WhiteElo "2495"]
[BlackElo "2345"]
[PlyCount "105"]
[EventDate "1996.??.??"]
[EventType "swiss"]
[EventRounds "10"]
[EventCountry "POL"]
[SourceTitle "EXT 1998"]
[Source "ChessBase"]
[SourceDate "1997.11.17"]
[SourceVersion "1"]
[SourceVersionDate "1997.11.17"]
[SourceQuality "1"]

1. Nf3 d5 2. g3 Nf6 3. Bg2 c6 4. 0-0 Bf5 5. d3 e6 6. Nbd2 h6 7. b3 Be7 8. Bb2 0-0 9. c4 Nbd7 10. a3 a5 11. Qc2 Bh7 12. Bc3 Bd6 13. b4 axb4 14. axb4 Qe7 15. c5 Bc7 16. Bh3 g5 17. Bg2 e5 18. e4 d4 19. Bb2 Bg6 20. Nc4 Nh5 21. Nfd2 f6 22. Nb3 Bf7 23. Bh3 Ng7 24. f3 Ne6 25. Rxa8 Rxa8 26. Ra1 Qd8 27. Qb1 Kf8 28. Bc1 Rxa1 29. Qxa1 Qb8 30. Bd2 Ke7 31. Qa3 Ke8 32. Kf2 h5 33. Qa4 Ke7 34. Bc1 Be8 35. Ba3 Kf7 36. Nbd2 Ndf8 37. Nb6 Kg7 38. Ndc4 g4 39. fxg4 Ng5 40. Bf1 hxg4 41. Be2 Bxb6 42. cxb6 Bf7 43. Qa7 Qc8 44. Nd6 Qe6 45. Nf5+ Kg6 46. Bc1 Nh3+ 47. Kf1 Qb3 48. Qa3 Qc2 49. Qb2 Qa4 50. Bxg4 Ng5 51. h4 Nxe4 52. dxe4 Qb5+ 53. Kf2 1-0

[Event "Polanica Zdroj op"]
[Site "Polanica Zdroj"]
[Date "1995.??.??"]
[Round "6"]
[White "Bernard, Ryszard"]
[Black "Oliwa, Marek"]
[Result "1-0"]
[WhiteElo "2350"]
[BlackElo "2420"]
[PlyCount "81"]
[EventDate "1995.08.??"]
[EventType "swiss"]
[EventRounds "10"]
[EventCountry "POL"]
[SourceTitle "EXT 1997"]
[Source "ChessBase"]
[SourceDate "1996.11.15"]
[SourceVersion "1"]
[SourceVersionDate "1996.11.15"]
[SourceQuality "1"]

1. e4 Nc6 2. Nf3 d6 3. d4 Nf6 4. c3 Bg4 5. Nbd2 e5 6. Bb5 Bd7 7. 0-0 Be7 8. Re1 exd4 9. cxd4 0-0 10. h3 Re8 11. a3 Bf8 12. Bd3 g6 13. Nf1 Bg7 14. Ng3 h6 15. Be3 Nh7 16. Rc1 Ne7 17. Qd2 h5 18. Bh6 Bh8 19. Bb1 c6 20. Rcd1 d5 21. e5 Be6 22. Nxh5 gxh5 23. Bxh7+ Kxh7 24. Ng5+ Kg8 25. Nxe6 fxe6 26. Qg5+ Kh7 27. Qxh5 Qd7 28. Bg5+ Kg8 29. Bf6 Bg7 30. Rd3 Nf5 31. g4 Nh6 32. g5 Nf5 33. g6 Kf8 34. Rf3 Re7 35. h4 Rc8 36. Bxe7+ Qxe7 37. Rxf5+ exf5 38. Qxf5+ Kg8 39. Qxc8+ Bf8 40. Qf5 Qxh4 41. Qf7+ 1-0

[Event "Polanica Zdroj op"]
[Site "Polanica Zdroj"]
[Date "1995.??.??"]
[Round "7"]
[White "Jasnikowski, Zbigniew"]
[Black "Bernard, Ryszard"]
[Result "1-0"]
[WhiteElo "2425"]
[BlackElo "2350"]
[PlyCount "75"]
[EventDate "1995.08.??"]
[EventType "swiss"]
[EventRounds "10"]
[EventCountry "POL"]
[SourceTitle "EXT 1997"]
[Source "ChessBase"]
[SourceDate "1996.11.15"]
[SourceVersion "1"]
[SourceVersionDate "1996.11.15"]
[SourceQuality "1"]

1. Nf3 d5 2. g3 Nf6 3. Bg2 c6 4. 0-0 Bf5 5. d4 h6 6. b3 e6 7. Bb2 Nbd7 8. c4 Be7 9. Nc3 0-0 10. Nd2 Qb6 11. Re1 Rfd8 12. e3 Bd3 13. Rc1 Qa5 14. a3 Re8 15. e4 Bxe4 16. Ncxe4 dxe4 17. Nxe4 Nxe4 18. Rxe4 Nf6 19. Re3 Rad8 20. Qe2 Rd7 21. d5 cxd5 22. cxd5 Qd8 23. dxe6 fxe6 24. Qc4 Rd1+ 25. Re1 Rxc1 26. Rxc1 Nd5 27. Rd1 Kh8 28. Bxd5 exd5 29. Rxd5 Qb6 30. Rd7 Bf6 31. Bxf6 Qxf6 32. Qf7 Re1+ 33. Kg2 Qe5 34. Qg6 Qe4+ 35. Qxe4 Rxe4 36. Rxb7 a5 37. Rb5 a4 38. b4 1-0

[Event "Warsaw Legion op"]
[Site "Warsaw"]
[Date "1990.??.??"]
[Round "?"]
[White "Bernard, Ryszard"]
[Black "Czerwonski, Aleksander"]
[Result "1-0"]
[WhiteElo "2340"]
[BlackElo "2350"]
[PlyCount "105"]
[EventDate "1990.??.??"]
[EventType "swiss"]
[EventRounds "9"]
[EventCountry "POL"]
[SourceTitle "EXT 1997"]
[Source "ChessBase"]
[SourceDate "1996.11.15"]
[SourceVersion "1"]
[SourceVersionDate "1996.11.15"]
[SourceQuality "1"]

1. e4 e5 2. Nf3 Nc6 3. Bb5 a6 4. Ba4 Nf6 5. 0-0 Be7 6. Re1 b5 7. Bb3 d6 8. c3 0-0 9. h3 Bb7 10. d4 Re8 11. Nbd2 Bf8 12. a3 h6 13. Bc2 Nb8 14. b4 Nbd7 15. Bb2 c5 16. bxc5 exd4 17. cxd4 dxc5 18. d5 Qc7 19. Nf1 c4 20. Bd4 Bd6 21. Nh4 Be5 22. Nf5 Rad8 23. N1g3 Bxd4 24. Qxd4 Qe5 25. Qd2 Nc5 26. Rad1 Ne6 27. Qb4 Nf4 28. a4 g6 29. Nd4 Nd3 30. Bxd3 Qxd4 31. Bf1 Qa7 32. axb5 axb5 33. Qxb5 h5 34. Ra1 Qb8 35. Rab1 h4 36. Qxb7 Qxb7 37. Rxb7 hxg3 38. e5 gxf2+ 39. Kxf2 Nxd5 40. Bxc4 Kf8 41. Rd1 Ne7 42. Rd6 Rc8 43. Rd4 Rb8 44. Rbd7 Rb2+ 45. Kg1 Ra8 46. Rc7 Rc2 47. Rf4 Ra1+ 48. Kh2 Nf5 49. Rxf7+ Ke8 50. e6 Rb2 51. Bd5 Rbb1 52. Bc6+ Kd8 53. R4xf5 1-0

[Event "Legion op 6th"]
[Site "Warsaw"]
[Date "1989.01.22"]
[Round "11"]
[White "Kaminski, Marcin"]
[Black "Bernard, Ryszard"]
[Result "1/2-1/2"]
[WhiteElo "2265"]
[BlackElo "2345"]
[PlyCount "29"]
[EventDate "1989.01.12"]
[EventType "swiss"]
[EventRounds "11"]
[EventCountry "POL"]
[SourceTitle "EXT 1997"]
[Source "ChessBase"]
[SourceDate "1996.11.15"]
[SourceVersion "1"]
[SourceVersionDate "1996.11.15"]
[SourceQuality "1"]

1. e4 e5 2. Nf3 Nc6 3. Bb5 a6 4. Ba4 Nf6 5. 0-0 Be7 6. Re1 b5 7. Bb3 d6 8. c3 0-0 9. h3 Na5 10. Bc2 c5 11. d4 Qc7 12. Nbd2 cxd4 13. cxd4 Bb7 14. Nf1 Rac8 15. Bd3 1/2-1/2

[Event "Legion op 6th"]
[Site "Warsaw"]
[Date "1989.01.19"]
[Round "8"]
[White "Sznapik, Krzysztof"]
[Black "Bernard, Ryszard"]
[Result "1/2-1/2"]
[WhiteElo "2210"]
[BlackElo "2345"]
[PlyCount "62"]
[EventDate "1989.01.12"]
[EventType "swiss"]
[EventRounds "11"]
[EventCountry "POL"]
[SourceTitle "EXT 2010"]
[Source "ChessBase"]
[SourceDate "2010.11.25"]
[SourceVersion "1"]
[SourceVersionDate "2010.11.25"]
[SourceQuality "1"]

1. b3 d5 2. Bb2 c6 3. Nf3 Nf6 4. d4 Bf5 5. e3 Nbd7 6. Be2 h6 7. Nbd2 e6 8. Ne5 Nxe5 9. dxe5 Ne4 10. 0-0 Nxd2 11. Qxd2 Be7 12. g4 Bg6 13. f4 Be4 14. Bd3 Bxd3 15. Qxd3 Bc5 16. Bd4 Bb6 17. Kh1 0-0 18. f5 Qg5 19. Rf3 Bxd4 20. exd4 Qxg4 21. Re1 exf5 22. Rg3 Qh4 23. Qxf5 g6 24. Ree3 Kh7 25. Qd3 Rae8 26. Rh3 Qg4 27. Qd2 Qf4 28. Rhf3 Qh4 29. Rh3 Qf4 30. Rhf3 Qh4 31. Rh3 Qf4 1/2-1/2

[Event "Cattolica op"]
[Site "Cattolica"]
[Date "1989.??.??"]
[Round "?"]
[White "Berglitz, Regina"]
[Black "Bernard, Ryszard"]
[Result "1/2-1/2"]
[WhiteElo "2115"]
[BlackElo "2345"]
[PlyCount "23"]
[EventDate "1989.06.??"]
[EventType "swiss"]
[EventRounds "9"]
[EventCountry "ITA"]
[SourceTitle "EXT 1997"]
[Source "ChessBase"]
[SourceDate "1996.11.15"]
[SourceVersion "1"]
[SourceVersionDate "1996.11.15"]
[SourceQuality "1"]

1. e4 d6 2. d4 Nf6 3. Nc3 c6 4. Nf3 Bg4 5. Be2 e6 6. 0-0 Be7 7. Bf4 0-0 8. Re1 Nbd7 9. e5 dxe5 10. Nxe5 Bxe2 11. Rxe2 Nd5 12. Nxd5 1/2-1/2

[Event "Dreszer Memorial"]
[Site "Gdynia"]
[Date "1988.??.??"]
[Round "9"]
[White "Bernard, Ryszard"]
[Black "Sapis, Witalis"]
[Result "1/2-1/2"]
[WhiteElo "2345"]
[BlackElo "2445"]
[PlyCount "31"]
[EventDate "1988.??.??"]
[EventType "tourn"]
[EventRounds "13"]
[EventCountry "POL"]
[EventCategory "5"]
[SourceTitle "EXT 1997"]
[Source "ChessBase"]
[SourceDate "1996.11.15"]
[SourceVersion "1"]
[SourceVersionDate "1996.11.15"]
[SourceQuality "1"]

1. e4 c6 2. d4 d5 3. Nd2 dxe4 4. Nxe4 Nd7 5. Nf3 Ngf6 6. Ng3 e6 7. Bd3 c5 8. 0-0 cxd4 9. Nxd4 Bc5 10. Nf3 0-0 11. Qe2 Qc7 12. Ne4 Be7 13. Bg5 b6 14. Nxf6+ Nxf6 15. Ne5 Bb7 16. Rad1 1/2-1/2